| 000 | 00947nas a2200313 4500 | ||
|---|---|---|---|
| 001 | BR0404290 | ||
| 003 | BR-BrBNA | ||
| 005 | 20231205104755.0 | ||
| 007 | ta | ||
| 008 | 230509b bl.|||p| |||| 00| 00por d | ||
| 040 |
_aBR-BrBNA _bpor _cBiblioteca Nacional de Agricultura |
||
| 041 | _a(Pt) | ||
| 072 | _aL73; L70 | ||
| 100 | 1 | _aDall'Olio, A.J. | |
| 100 | 1 | _aFranco, R.M.B. | |
| 245 | 1 | _aOcorrência de Cryptosporidium spp. em pequenos mamíferos silvestres de três áreas serranas do Sudeste brasileiro | |
| 650 | _aROEDOR | ||
| 650 | _aCOCCIDEO | ||
| 650 | _aMAMÍFERO | ||
| 650 | _aFEZES | ||
| 650 | _aÁLCOOL | ||
| 650 | _aÁCIDO | ||
| 650 | _aIMUNOFLUORESCÊNCIA | ||
| 650 | _aINFECÇÃO | ||
| 650 | _aSUDESTE | ||
| 773 | 0 |
_tArquivo Brasileiro de Medicina Veterinária e Zootecnia (Brazil) _xISSN 0102-0935 _g(Feb 2004), v. 56(1) p. 25-31 _wBR0404290 |
|
| 909 |
_a202311 _bLúcia _c55 _dLúcia Elande |
||
| 942 |
_2AGRIS _n0 _cANA |
||
| 999 |
_c179643 _d179643 |
||